Statistics for KLM Destinations-Amsterdam

Click here to take the quiz!

General Stats

  • This quiz has been taken 155 times
  • The average score is 110 of 156

Answer Stats

Country Airport % Correct
AustriaVienna
94%
FranceParis
94%
CanadaVancouver
93%
BelgiumBrussels
93%
ItalyRome
92%
Hong KongHong Kong
92%
CanadaToronto
92%
UKLondon-City
91%
BrazilRio de Janeiro
91%
BrazilSao Paulo
91%
UKLondon-Heathrow
91%
UAEDubai
91%
ChinaBeijing
90%
NorwayOslo
90%
NorwayOslo-Sandefjord
90%
SpainMadrid
90%
MexicoMexico City
88%
UKManchester
88%
LuxembourgLuxembourg
88%
ArgentinaBuenos Aires
88%
SpainBarcelona
88%
SwedenStockholm-Arlanda
88%
GermanyBerlin-Tegel
88%
GermanyFrankfurt
88%
IrelandDublin
87%
GermanyMunich
87%
IndiaDelhi
87%
JapanTokyo-Narita
87%
USANew York
87%
SingaporeSingapore
86%
IndiaMumbai
86%
RussiaMoscow-Sheremetyevo
86%
DenmarkCopenhagen
86%
ChileSantiago
86%
ChinaShanghai
86%
ItalyMilan-Linate
86%
ItalyMilan-Malpensa
86%
CanadaMontreal
85%
FinlandHelsinki
85%
UAEAbu Dhabi
85%
TurkeyIstanbul
85%
MalaysiaKuala Lumpur
85%
CroatiaZagreb
85%
South AfricaCape Town
84%
IsraelTel Aviv
84%
IndonesiaJakarta
84%
PortugalLisbon
84%
PolandWarsaw
84%
USAChicago
84%
GermanyHamburg
84%
UKGlasgow
84%
USALos Angeles
84%
GreeceAthens
83%
HungaryBudapest
83%
PanamaPanama City
83%
SwitzerlandZurich
83%
South AfricaJohannesburg
83%
RussiaSt Petersburg
83%
KenyaNairobi
81%
CzechiaPrague
81%
UKEdinburgh
81%
South KoreaSeoul
81%
RomaniaBucharest
81%
KuwaitKuwait City
81%
FranceMarseille
81%
PortugalPorto
80%
USASan Francisco
80%
PeruLima
80%
CubaHavana
80%
PhilippinesManila
80%
TaiwanTaipei
80%
UKBirmingham
80%
SwitzerlandGeneva
80%
ThailandBangkok
80%
ItalyVenice
79%
UkraineKiev
79%
JapanOsaka
79%
ColombiaBogota
78%
FranceNice
78%
USAHouston
78%
NigeriaLagos
77%
GhanaAccra
74%
EcuadorQuito
74%
USABoston
74%
CanadaCalgary
74%
PolandKrakow
73%
USAWashington
73%
FranceLyon
73%
USAAtlanta
73%
FranceBordeaux
73%
UKBelfast
72%
GermanyStuttgart
72%
NorwayBergen
71%
ItalyTurin
71%
AngolaLuanda
70%
GermanyDusseldorf
70%
SpainValencia
69%
FranceToulouse
69%
OmanMuscat
67%
SwedenGothenburg
67%
TanzaniaDar-es-Salaam
66%
Netherlands*Oranjestad
66%
ItalyFlorence
65%
NamibiaWindhoek
64%
CroatiaSplit
63%
IndonesiaDenpasar
63%
SurinameParamaribo
63%
SpainMalaga
63%
PolandGdansk
62%
Netherlands*Willemstad
62%
CanadaEdmonton
62%
SpainBilbao
62%
UKCardiff
60%
ItalyBologna
59%
UKLeeds
59%
UKNewcastle
58%
SwitzerlandBasel
58%
GermanyHannover
58%
UgandaEntebbe
58%
ItalyGenoa
56%
ChinaChengdu
56%
Netherlands-France*Sint-Maarten
56%
UKAberdeen
56%
ChinaXiamen
55%
AustriaGraz
55%
RwandaKigali
53%
BahrainBahrain
52%
NorwayTrondheim
51%
GermanyBremen
50%
SpainAlicante
49%
GermanyDresden
48%
FranceNantes
48%
USAMinneapolis
48%
BrazilFortaleza
47%
ColombiaCartagena
47%
GermanyNurnberg
47%
NorwayStavanger
47%
EcuadorGuayaquil
45%
DenmarkAalborg
45%
UKBristol
45%
Netherlands*Bonaire
44%
ItalyCatania
42%
FranceMontpellier
41%
DenmarkBillund
37%
UKInverness
37%
Saudi ArabiaDammam
37%
UKNorwich
36%
ChinaHangzhou
35%
TanzaniaKilimanjaro
33%
USASalt Lake City
28%
UKDarlington
22%
NorwayKristiansand
22%
NorwayAlesund
19%
SwedenLinkoping
16%
SwedenVaxjo
15%
UKHumberside
12%

Score Distribution

Percentile by Number Answered

Percent of People with Each Score

Your Score History

You have not taken this quiz